000 01068nam a22003017a 4500
001 6265
003 FISKH
005 20260320085239.0
008 250407b cb ||||| |||| 00| 0 eng d
020 _a9780439581431
040 _aFISKH
_beng
_cFISKH
_dFISKH
050 _aE185.K5 F37
082 _a323.092
100 _aFarris, King Christine
_d(1927–2023)
245 _aMy brother Martin :
_bA sister remembers growing up with the Rev. Dr. Martin Luther King JR /
_cBy Christine King Farris ; Illustrated by Chris Soentpiet
250 _aThis edition first published in 2003
260 _aNew York :
_bScholastic,
_c2003
300 _a35 pages :
_bcolor illustrations ;
_c23 cm x 27 cm
505 _aR
520 _aLooks at the early life of Martin Luther King, Jr., as seen through the eyes of his older sister.
521 8 _a750
_bLexile
521 8 _aR
_bRaz-Plus
650 _2African American History
_aSegregation
650 _2History
_aMulticultural
700 _aSoentpiet, Chris
_dillustrator
942 _2ddc
_cBK
_n0
999 _c6265
_d6265